Republic /

Bibliographic Details
Main Author: Plato
Other Authors: Waterfield, Robin
Format: Book
Language:English
Published: Oxford [England] ; New York : Oxford University Press, 1993.
Series:World's classics.
Subjects:

MARC

Tag First Indicator Second Indicator Subfields
LEADER 00000cam a22000008a 4500
001 in00001145521
005 20151001050635.0
008 921023s1993 enk b 001 0 eng
010 |a  92038853  
020 |a 0192126040 (hardback : alk. paper) :  |c £16.95 
035 |a (OCoLC)27012167 
035 |9 AGB7380AM 
040 |a DLC  |c DLC  |d TXA  |d UtOrBLW 
041 1 |a eng  |h grc 
049 |a TXAM 
050 0 0 |a JC71  |b .P35 1993 
082 0 0 |a 321/.07  |2 20 
100 0 |a Plato. 
240 1 0 |a Republic.  |l English 
245 1 0 |a Republic /  |c Plato ; translated by Robin Waterfield. 
263 |a 9305 
264 1 |a Oxford [England] ;  |a New York :  |b Oxford University Press,  |c 1993. 
300 |a 475 pages ;  |c 23 cm. 
336 |a text  |b txt  |2 rdacontent 
337 |a unmediated  |b n  |2 rdamedia 
338 |a volume  |b nc  |2 rdacarrier 
490 1 |a The World's classics 
504 |a Includes bibliographical references and index. 
650 0 |a Political science  |v Early works to 1800. 
650 0 |a Utopias. 
700 1 |a Waterfield, Robin. 
830 0 |a World's classics. 
999 |a MARS 
999 f f |s a277a865-c551-3563-9b4b-c8aa924d29bb  |i 4bf5119f-253f-388c-bc35-5dfe5d18142d  |t 0 
952 f f |p normal  |a Texas A&M University  |b College Station  |c Sterling C. Evans Library  |d Evans: Library Stacks  |t 0  |e JC71 .P35 1993  |h Library of Congress classification  |i unmediated -- volume  |m A14818498044 
998 f f |a JC71 .P35 1993  |t 0  |l Evans: Library Stacks